Loading...
| History - European | 0 | 8 | 1 | 1 | 75 | 51 | 100.50 | 1 | 5 | 0.00 | 0.00 |
| History - American | 0 | 5 | 0 | 3 | 50 | 101 | 117.60 | 0 | 1 | 0.00 | 0.00 |
| Religion | 0 | 5 | 0 | 1 | 50 | 82 | 102.40 | 2 | 3 | 0.00 | 0.00 |
| History - World | 0 | 3 | 0 | 1 | 30 | 118 | 122.00 | 0 | 0 | 0.00 | 0.00 |
| History - Other | 0 | 3 | 0 | 0 | 30 | 70 | 105.00 | 1 | 2 | 0.00 | 0.00 |
| Literature - American | 0 | 1 | 0 | 0 | 10 | 139 | 139.00 | 0 | 0 | 0.00 | 0.00 |
| Fine Arts - Other | 0 | 1 | 0 | 0 | 10 | 113 | 113.00 | 0 | 0 | 0.00 | 0.00 |
| Current Events | 0 | 1 | 0 | 0 | 10 | 103 | 103.00 | 0 | 0 | 0.00 | 0.00 |
| Mythology | 0 | 1 | 0 | 1 | 10 | 127 | 127.00 | 0 | 0 | 0.00 | 0.00 |
| Pop Culture | 0 | 1 | 0 | 0 | 10 | 26 | 26.00 | 0 | 1 | 0.00 | 0.00 |
| Philosophy | 0 | 1 | 1 | 0 | 5 | 124 | 124.00 | 0 | 0 | 0.00 | 0.00 |
| Literature - British | 0 | 0 | 1 | 0 | -5 | 0.00 | 0 | 0 | 0.00 | 0.00 |